Hunger games. Vražedná pomsta /
Druhá část sci-fi trilogie odehrávající se na území Severní Ameriky, zničené přírodní katastrofou.
Uloženo v:
| Série: | Hunger games,
část 2 |
|---|---|
| Hlavní autor: | |
| Další autoři: | |
| Médium: | E-audiokniha |
| Jazyk: | Czech |
| Vydáno: |
Praha :
Fragment,
2013
|
| Vydání: | 2. vydání |
| Edice: | Young adults
|
| Témata: | |
| Příbuzné jednotky: | Z cyklu::
Hunger games |
| Tagy: |
Žádné tagy |
| LEADER | 04741nam a2200925 i 4500 | ||
|---|---|---|---|
| 001 | 313120 | ||
| 003 | CZ PrSKC | ||
| 005 | 20260601215735.0 | ||
| 007 | ta | ||
| 008 | 140109s2013 xr d 000 f cze d | ||
| 015 | |a cnb002538925 | ||
| 020 | |a 9788025320464 |q (soubor ; |q krabice) | ||
| 020 | |a 978-80-253-2045-7 |q (brožováno) | ||
| 035 | |a (OCoLC)870289987 | ||
| 040 | |a OLA001 |b cze |d ABA001 |e rda | ||
| 041 | 1 | |a cze |h eng | |
| 072 | 7 | |a 821.111(73)-3 |x Americká próza |2 Konspekt | |
| 072 | 7 | |a 821-93 |x Literatura pro děti a mládež (beletrie) |2 Konspekt | |
| 080 | |a 821.111(73)-31 |2 MRF | ||
| 080 | |a 821-93-053.67 |2 MRF | ||
| 080 | |a 821-93 |2 MRF | ||
| 080 | |a (0:82-313.2) |2 MRF | ||
| 100 | 1 | |a Collins, Suzanne, |d 1962- |7 xx0116397 |4 aut | |
| 240 | 1 | 0 | |a Catching fire. |l Česky |
| 245 | 1 | 0 | |a Hunger games. |p Vražedná pomsta / |c Suzanne Collinsová ; z anglického originálu The Hunger games, Catching fire přeložil Zdík Dušek |
| 246 | 3 | 0 | |a Vražedná pomsta |
| 250 | |a 2. vydání | ||
| 264 | 1 | |a Praha : |b Fragment, |c 2013 | |
| 300 | |a 335 stran ; |c 19 cm | ||
| 336 | |a text |b txt |2 rdacontent | ||
| 337 | |a bez média |b n |2 rdamedia | ||
| 338 | |a svazek |b nc |2 rdacarrier | ||
| 490 | 1 | |a Young adults | |
| 500 | |a Část nákladu distribuována s dalšími 2 svazky (Aréna smrti, Síla vzdoru) ve společné kartonové krabici se souborným ISBN | ||
| 500 | |a V roce 2015 dotisk (mimo soubor) | ||
| 520 | 2 | |a Druhá část sci-fi trilogie odehrávající se na území Severní Ameriky, zničené přírodní katastrofou. | |
| 520 | 2 | |a Hladové hry - každoroční podivná reality show, v níž dvacet čtyři dětí bojuje v aréně na život a na smrt. Katniss dosáhla vítězství v Hladových hrách aktem vzdoru proti všemocnému Kapitolu a jeho krutým pravidlům. Ona i její spolužák Peeta očekávají pomstu mocných. Překvapivé výsledky zápasu však povzbudily obyvatele země Panem, aby se postavili k odporu, a v krajích se formuje odboj. Podaří se zabránit krvavému střetnutí, jehož důsledky by byly víc než hrozivé? Nakladatelská anotace. | |
| 655 | 7 | |a americké romány |7 fd131796 |2 czenas | |
| 655 | 7 | |a antiutopické romány |7 fd1151354 |2 czenas | |
| 655 | 7 | |a literatura young adult |7 fd1185572 |2 czenas | |
| 655 | 7 | |a publikace pro mládež |7 fd133157 |2 czenas | |
| 655 | 9 | |a American fiction |2 eczenas | |
| 655 | 9 | |a dystopian novels |2 eczenas | |
| 655 | 9 | |a young adult literature |2 eczenas | |
| 655 | 9 | |a juvenile literature |2 eczenas | |
| 700 | 1 | |a Dušek, Zdík, |d 1976- |7 ola20040616001 |4 trl | |
| 787 | 0 | 8 | |i Z cyklu: |t Hunger games |g 2 |
| 830 | 0 | |a Young adults | |
| 900 | |a ABA001 |b 18 | ||
| 044 | |a xr | ||
| 505 | 0 | 0 | |t 29 Vrazedna pomsta - Jiskra (27 min., 35 sek.) |
| 505 | 0 | 0 | |t 30 Vrazedna pomsta - Jiskra (22 min., 53 sek.) |
| 505 | 0 | 0 | |t 31 Vrazedna pomsta - Jiskra (28 min., 58 sek.) |
| 505 | 0 | 0 | |t 32 Vrazedna pomsta - Jiskra (35 min., 50 sek.) |
| 505 | 0 | 0 | |t 33 Vrazedna pomsta - Jiskra (22 min., 6 sek.) |
| 505 | 0 | 0 | |t 34 Vrazedna pomsta - Jiskra (27 min., 36 sek.) |
| 505 | 0 | 0 | |t 35 Vrazedna pomsta - Jiskra (26 min., 52 sek.) |
| 505 | 0 | 0 | |t 36 Vrazedna pomsta - Jiskra (23 min., 44 sek.) |
| 505 | 0 | 0 | |t 37 Vrazedna pomsta - Jiskra (28 min., 4 sek.) |
| 505 | 0 | 0 | |t 38 Vrazedna pomsta - Ctvrtohry (20 min., 38 sek.) |
| 505 | 0 | 0 | |t 39 Vrazedna pomsta - Ctvrtohry (23 min., 41 sek.) |
| 505 | 0 | 0 | |t 40 Vrazedna pomsta - Ctvrtohry (16 min., 56 sek.) |
| 505 | 0 | 0 | |t 41 Vrazedna pomsta - Ctvrtohry (25 min., 9 sek.) |
| 505 | 0 | 0 | |t 42 Vrazedna pomsta - Ctvrtohry (28 min., 20 sek.) |
| 505 | 0 | 0 | |t 43 Vrazedna pomsta - Ctvrtohry (24 min., 6 sek.) |
| 505 | 0 | 0 | |t 44 Vrazedna pomsta - Ctvrtohry (33 min., 45 sek.) |
| 505 | 0 | 0 | |t 45 Vrazedna pomsta - Ctvrtohry (27 min., 21 sek.) |
| 505 | 0 | 0 | |t 46 Vrazedna pomsta - Ctvrtohry (19 min., 8 sek.) |
| 505 | 0 | 0 | |t 47 Vrazedna pomsta - Nepritel (21 min., 59 sek.) |
| 505 | 0 | 0 | |t 48 Vrazedna pomsta - Nepritel (32 min., 47 sek.) |
| 505 | 0 | 0 | |t 49 Vrazedna pomsta - Nepritel (23 min., 38 sek.) |
| 505 | 0 | 0 | |t 50 Vrazedna pomsta - Nepritel (27 min., 41 sek.) |
| 505 | 0 | 0 | |t 51 Vrazedna pomsta - Nepritel (24 min., 53 sek.) |
| 505 | 0 | 0 | |t 52 Vrazedna pomsta - Nepritel (26 min., 0 sek.) |
| 505 | 0 | 0 | |t 53 Vrazedna pomsta - Nepritel (21 min., 48 sek.) |
| 505 | 0 | 0 | |t 54 Vrazedna pomsta - Nepritel (21 min., 9 sek.) |
| 505 | 0 | 0 | |t 55 Vrazedna pomsta - Nepritel (21 min., 52 sek.) |
| 910 | |a RBIT002 | ||
| 998 | |d 357736 |a https://core.palmknihy.cz/api/books/357736/cover?s9m1vr |b https://core.palmknihy.cz/api/books/357736/cover/400?s9m1vr |c https://core.palmknihy.cz/api/books/357736/cover/50?s9m1vr |e 2029-10-23 |i 9788025320457 |l 41160 |q 49 |r 1 |s https://www.palmknihy.cz/kniha/357736 |t audiobook |y 2015 |z 0 | ||
| 999 | |d 313118 | ||